Oppositionsführer im Bundestag - Statistiken

Allgemein
  • Dieses Quiz wurde 100 mal gespielt
  • Das Durchschnittsergebnis liegt bei 13 aus 24
Antwortstatistiken
Hint Antwort % Korrekt
2000-2002 (CDU) Friedrich Merz
94%
2022-2024 (CDU) Friedrich Merz
94%
Alice Weidel
92%
2013-2015 (Linke) Gregor Gysi
82%
2002-2005 (CDU) Angela Merkel
81%
2017-2021 (AfD) Alexander Gauland
76%
1976-1982 (CDU) Helmut Kohl
75%
Sahra Wagenknecht
74%
2006-2009 (FDP) Guido Westerwelle
73%
1967-1969 (SPD) Helmut Schmidt
73%
2015-2017 (Linke) Dietmar Bartsch
64%
2009-2013 (SPD) Frank-Walter Steinmeier
64%
1998-2000 (CDU) Wolfgang Schäuble
50%
1949-1952 (SPD) Kurt Schumacher
49%
1969-1972 (CDU) Rainer Barzel
43%
1994-1998 (SPD) Rudolf Scharping
39%
1983-1991 (SPD) Hans-Jochen Vogel
38%
1952-1963 (SPD) Erich Ollenhauer
33%
1982-1983 (SPD) Herbert Wehner
30%
2021-2022 (CDU) Ralph Brinkhaus
30%
1973-1976 (CDU) Karl Carstens
21%
2005-2006 (FDP) Wolfgang Gerhardt
15%
1964-1967 (SPD) Fritz Erler
13%
1991-1994 (SPD) Hans-Ulrich Klose
10%
Keine übereinstimmenden Quizze gefunden
Verteilung der Resultate
Anzahl Personen mit jedem Resultat
Perzentil nach korrekt beantworteten Fragen
Ihre Resultats-Entwicklung
Sie haben dieses Quiz noch nicht gespielt